000 00706nam a2200241 u 4500
005 20250807063852.0
008 090609s2004 cl r 000 0 spa d
020 _a9586483517
035 _aUPN01000171088
049 _aCG
050 4 _aBF720 S4.5
_bA4.3a 2004
100 1 _aAlvarez Heredia, Francisco
245 1 0 _aEstimulación temprana :
_buna puerta hacia el futuro /
_cFrancisco Alvarez Heredia.
250 _a6a ed.
260 _aBogotá :
_bEcoe,
_c2004.
300 _a208 p. :
_btablas
440 0 _aTextos universitarios
650 2 _aEstimulación temprana
_97970
650 4 _aPsicología infantil
_990
650 4 _aDesarrollo infantil
_9176
905 _aLibro
999 _c143193
_d143193